000 00555nam a2200205Ia 4500
005 20230510120610.0
008 131103s9999 xx 000 0 und d
040 _aLoreto College
041 _aEnglish
082 _a823.91
_bHAR
100 _aHardy, Thomas
245 2 _aA Laodicean
_b a story of to-day
_cThomas Hardy; Introduction by Barbara Hardy
260 _aLondon
_bMacmillan
_c1975
300 _a459p.
440 _athe new wessex edition
650 _aEnglish essays
700 _ahardy, Barbara;intro
850 _aLCLIB
942 _cBK
999 _c22534
_d73013